| 000 | 01288nam a22002177a 4500 | ||
|---|---|---|---|
| 999 |
_c62056 _d62056 |
||
| 003 | Ge_BSU | ||
| 005 | 20240628100548.0 | ||
| 008 | 240628s1971 ge ||||| |||| 00| 0 geo d | ||
| 041 | _ageo | ||
| 080 | _a615.8(479.22) კ-64 | ||
| 100 |
_aკობახიძე, ემილ _922476 |
||
| 245 |
_aსაქართველოს სსრ საკურორტო მეურნეობა და ტურიზმი : ეკონ.-გეოგრაფ. ნარკვევი / _cემილ კობახიძე; რედ. გ. გველესიანი; ვახუშტის სახ. გეოგრაფიის ინ-ტი. |
||
| 264 |
_aთბილისი : _bმეცნიერება, _c1971. |
||
| 300 |
_a75 გვ. ; _b21 სმ. |
||
| 653 | _aკურორტები საქართველოში | ||
| 653 | _aტურიზმი საქართველოში | ||
| 653 | _aსაქართველოს ეკონომიური გეოგრაფია | ||
| 700 |
_aგველესიანი, გ. _eრედაქტორი _92869 |
||
| 710 |
_aვახუშტის სახ. გეოგრაფიის ინსტიტუტი _922622 |
||
| 942 |
_2udc _cᲬᲘᲒᲜᲘ |
||